000 00376nam a2200133Ia 4500
008 220217s9999||||xx |||||||||||||| ||und||
020 _a81-7371-395-2
082 _a621.381 3 SRE
100 _aSreekanth, P.V
_93401
245 0 _aDigital microwave communication systes
260 _aUniversity press
_bHyderbad
_c2003
300 _b430
650 _aMICROWAVE ENGINEERING
999 _c171818
_d171818